000 00410nam a2200181Ia 4500
001 3314
005 20260306145634.0
008 260306t1990||||xx |||||||||||||| ||spa||
041 _aESP
082 _a269.2
_bM86 1990
100 _aMorande, Pedro
_eAUT
245 0 _aIglesia y cultura en América Latina
260 _c1990
300 _a
_c
650 _aGEN
654 _aCHU
942 _cLIB
_dJUS
_fJUS
_2ddc
_n
999 _c3314
_d3314